Money, banking, and financial markets

Αποθηκεύτηκε σε:
Λεπτομέρειες βιβλιογραφικής εγγραφής
Κύριος συγγραφέας: Elliott, Walter J.
Μορφή: Βιβλίο
Γλώσσα:English
Δημοσίευση: St. Paul, Minnesota : West Publishing Company, c1984
Θέματα:
Ετικέτες: Προσθήκη ετικέτας
Δεν υπάρχουν, Καταχωρήστε ετικέτα πρώτοι!

MARC

LEADER 00000nam a2200000 i 4500
001 1/9262
008 000804s1984 eng d
020 |a 0-314-77985-X 
035 |l 10062987 
040 |a GR-MY-UA  |b gre  |e aacr 
041 0 |a eng 
082 0 |a 332 
100 1 |a Elliott, Walter J. 
245 1 0 |a Money, banking, and financial markets /  |c J.Walter Elliott 
260 |a St. Paul, Minnesota :   |b West Publishing Company,   |c c1984 
300 |a xxii, 541 p. 
504 |a Includes index 
650 0 0 |a Money. 
650 0 0 |a Banks and banking. 
650 0 0 |a Finance. 
650 0 0 |a Money  |z United States. 
650 0 0 |a Banks and banking  |z United States. 
650 0 0 |a Finance  |z United States. 
852 |a INST  |b CHIOS  |e 20000804  |h 332 ELL  |p 005200000353  |q 005200000353  |t BK  |y 0 
909 |a Χ  |b 013229 
922 |a 2ΕΛΗ  |b 198902 
970 |a ΣΑΛΑΜΟΥΡΑ  |b ΜΑΡΙΑ  |z 2000/08/09